00281nam a2200073Ia 4500082002000000245007600020100007000096008004100166 aST 621.381 VANH 0aElectronic control & digital electronics. NQF level 4 : student's book  a VAN HEERDEN, R B J (Roelof Barend Johannes) Northcliff, 2009 210817s9999 xx 000 0 und d